| 000 | 00370nam a2200121 4500 | ||
|---|---|---|---|
| 999 |
_c14364 _d14364 |
||
| 008 | 190913b ||||| |||| 00| 0 eng d | ||
| 100 |
_939605 _aMateo, Janvic. |
||
| 245 |
_aPhl, SEA face worst risk of climate hazards/ _cJanvic Mateo. |
||
| 260 |
_aPhilippines: _bThe Philippine Star; _cc2018. |
||
| 300 | _apage B6. | ||
| 650 | 0 |
_939607 _aClimate change. |
|
| 942 |
_2ddc _cPER |
||